| 000 | 00909cam a2200253 4500 | ||
|---|---|---|---|
| 001 | ABS62516 | ||
| 008 | 000000n2000 000 0 eng u | ||
| 035 | _a(Sirsi) u106621 | ||
| 100 | _aAtkinson, H. | ||
| 245 | 4 | _aThe killer in the kitchen | |
| 260 | _c2000 | ||
| 490 |
_aHousing _v June 2000, 55-57(2) |
||
| 520 | _aSets out landlords' duties for ensuring tenants' gas safety. Recommends landlords have a gas safety management strategy and that correct documentation and procedures are followed. | ||
| 590 | _aABS | ||
| 650 | _aLANDLORDS DUTIES | ||
| 650 | _aGAS SAFETY | ||
| 650 | _aGAS APPLIANCES | ||
| 650 | _aGAS SAFETY (INSTALLATION AND USE) REGULATIONS 1998 | ||
| 650 | _aBUILT ENVIRONMENT-BUILDING MAINTENANCE AND REFURBISHMENT | ||
| 650 | _aDUTIES | ||
| 650 | _aCORGI | ||
| 690 | _aPROPERTY-RESIDENTIAL PROPERTY-RESIDENTIAL LANDLORD AND TENANT-RESIDENTIAL TENANCIES | ||
| 942 | _n0 | ||
| 999 |
_c63845 _d63845 |
||